<?xml version="1.0" encoding="UTF-8"?>
<record
    xmlns:xsi="http://www.w3.org/2001/XMLSchema-instance"
    xsi:schemaLocation="http://www.loc.gov/MARC21/slim http://www.loc.gov/standards/marcxml/schema/MARC21slim.xsd"
    xmlns="http://www.loc.gov/MARC21/slim">

  <leader>00867nam a22002537a 4500</leader>
  <controlfield tag="005">20170123162336.0</controlfield>
  <datafield tag="010" ind1=" " ind2=" ">
    <subfield code="a">A-412545</subfield>
  </datafield>
  <datafield tag="020" ind1=" " ind2=" ">
    <subfield code="c">90.00</subfield>
  </datafield>
  <datafield tag="035" ind1=" " ind2=" ">
    <subfield code="a">A-412545</subfield>
  </datafield>
  <datafield tag="037" ind1=" " ind2=" ">
    <subfield code="b">Cen Lib/Ret</subfield>
  </datafield>
  <datafield tag="040" ind1=" " ind2=" ">
    <subfield code="a">DPL</subfield>
    <subfield code="b">UR</subfield>
  </datafield>
  <datafield tag="082" ind1=" " ind2=" ">
    <subfield code="a">841.08</subfield>
    <subfield code="b">&#x63A; &#x627; &#x644; </subfield>
  </datafield>
  <datafield tag="100" ind1=" " ind2=" ">
    <subfield code="a">&#x634;&#x645;&#x633; &#x627;&#x644;&#x631;&#x62D;&#x645;&#x646;  &#x641;&#x627;&#x631;&#x648;&#x642;&#x6CC; </subfield>
    <subfield code="9">90637</subfield>
  </datafield>
  <datafield tag="245" ind1=" " ind2=" ">
    <subfield code="a">&#x62A;&#x641;&#x6C1;&#x6CC;&#x645; &#x63A;&#x627;&#x644;&#x628; /</subfield>
    <subfield code="c">&#x634;&#x645;&#x633; &#x627;&#x644;&#x631;&#x62D;&#x645;&#x646;  &#x641;&#x627;&#x631;&#x648;&#x642;&#x6CC; </subfield>
  </datafield>
  <datafield tag="246" ind1=" " ind2=" ">
    <subfield code="a">Tafheem Ghalib /</subfield>
    <subfield code="b">by Shamsur Rahman Farooqi </subfield>
  </datafield>
  <datafield tag="260" ind1=" " ind2=" ">
    <subfield code="a">&#x646;&#x6CC;&#x6CC; &#x62F;&#x6C1;&#x644;&#x6CC; </subfield>
    <subfield code="b">&#x63A;&#x627;&#x644;&#x628; &#x627;&#x646;&#x633;&#x679;&#x6CC;&#x679;&#x6CC;&#x648;&#x679; </subfield>
    <subfield code="c">1989</subfield>
  </datafield>
  <datafield tag="270" ind1=" " ind2=" ">
    <subfield code="b">&#x646;&#x6CC;&#x6CC; &#x62F;&#x6C1;&#x644;&#x6CC; </subfield>
    <subfield code="a">&#x627;&#x6CC;&#x648;&#x627;&#x646; &#x63A;&#x627;&#x644;&#x628; &#x645;&#x627;&#x631;&#x6AF; </subfield>
    <subfield code="e">110002</subfield>
  </datafield>
  <datafield tag="300" ind1=" " ind2=" ">
    <subfield code="a">378p.</subfield>
    <subfield code="c">21cm(Hb)</subfield>
  </datafield>
  <datafield tag="650" ind1=" " ind2=" ">
    <subfield code="a"> &#x627;&#x62F;&#x628; - &#x627;&#x631;&#x62F;&#x648;</subfield>
    <subfield code="9">124066</subfield>
  </datafield>
  <datafield tag="650" ind1=" " ind2=" ">
    <subfield code="a"> &#x62A;&#x6C1;&#x641;&#x6CC;&#x645; -- &#x627;&#x631;&#x62F;&#x648; &#x634;&#x627;&#x639;&#x631;&#x6CC;</subfield>
    <subfield code="9">113362</subfield>
  </datafield>
  <datafield tag="650" ind1=" " ind2=" ">
    <subfield code="a">Literature -- Urdu </subfield>
    <subfield code="9">124067</subfield>
  </datafield>
  <datafield tag="650" ind1=" " ind2=" ">
    <subfield code="a">Urdu poetry -- Tahfeem</subfield>
    <subfield code="9">124068</subfield>
  </datafield>
  <datafield tag="942" ind1=" " ind2=" ">
    <subfield code="2">ddc</subfield>
    <subfield code="c">UR</subfield>
    <subfield code="h">841.08</subfield>
    <subfield code="m">&#x63A; &#x627; &#x644; </subfield>
  </datafield>
  <datafield tag="999" ind1=" " ind2=" ">
    <subfield code="c">108132</subfield>
    <subfield code="d">108132</subfield>
  </datafield>
  <datafield tag="952" ind1=" " ind2=" ">
    <subfield code="0">0</subfield>
    <subfield code="1">0</subfield>
    <subfield code="4">0</subfield>
    <subfield code="7">0</subfield>
    <subfield code="a">L</subfield>
    <subfield code="b">L</subfield>
    <subfield code="d">2016-01-14</subfield>
    <subfield code="e">Cen Lib/Ret</subfield>
    <subfield code="g">90.00</subfield>
    <subfield code="l">0</subfield>
    <subfield code="o">841.08 &#x63A; &#x627; &#x644;</subfield>
    <subfield code="p">A-412545</subfield>
    <subfield code="r">2016-01-14 00:00:00</subfield>
    <subfield code="t">1</subfield>
    <subfield code="v">90.00</subfield>
    <subfield code="w">2016-01-14</subfield>
    <subfield code="y">UR</subfield>
  </datafield>
</record>
